The Real New Testament Quiz Stats

Quiz Updated Oct 22, 2014

Challenge
Share
Tweet
Embed
Score 0/27 Timer 01:00
8 Plays Today
% Correct
Luke
88.5%
Matthew
87.9%
Mark
87.5%
1 Corinthians
86.3%
John
85.7%
2 Corinthians
85.5%
Acts
84.3%
Romans
83.6%
Revelation
83.6%
1 Thessalonians
80.9%
1 John
79.4%
2 Thessalonians
78.4%
Ephesians
77.5%
1 Timothy
77.4%
% Correct
Colossians
77%
2 John
76.7%
Galatians
76.6%
Philippians
76.6%
2 Timothy
74.8%
1 Peter
74.8%
Hebrews
74.4%
2 Peter
71.3%
James
69.4%
3 John
68.5%
Jude
63.8%
Titus
62.9%
Philemon
58.8%

You're not logged in!

Compare scores with friends on all Sporcle quizzes.
Sign Up with Email
OR
Log In

You Might Also Like...

Show Comments

Extras

Top Quizzes Today


Score Distribution

Your Account Isn't Verified!

In order to create a playlist on Sporcle, you need to verify the email address you used during registration. Go to your Sporcle Settings to finish the process.